<?xml version="1.0" encoding="UTF-8"?><?xml-stylesheet type="text/xsl" href="static/style.xsl"?><OAI-PMH xmlns="http://www.openarchives.org/OAI/2.0/" xmlns:xsi="http://www.w3.org/2001/XMLSchema-instance" xsi:schemaLocation="http://www.openarchives.org/OAI/2.0/ http://www.openarchives.org/OAI/2.0/OAI-PMH.xsd"><responseDate>2026-06-07T23:47:51Z</responseDate><request verb="GetRecord" identifier="oai:docta.ucm.es:20.500.14352/35658" metadataPrefix="marc">https://docta.ucm.es/rest/oai/request</request><GetRecord><record><header><identifier>oai:docta.ucm.es:20.500.14352/35658</identifier><datestamp>2023-07-13T01:09:14Z</datestamp><setSpec>com_20.500.14352_14</setSpec><setSpec>col_20.500.14352_21</setSpec></header><metadata><record xmlns="http://www.loc.gov/MARC21/slim" xmlns:dcterms="http://purl.org/dc/terms/" xmlns:xsi="http://www.w3.org/2001/XMLSchema-instance" xmlns:doc="http://www.lyncode.com/xoai" xsi:schemaLocation="http://www.loc.gov/MARC21/slim http://www.loc.gov/standards/marcxml/schema/MARC21slim.xsd">
   <leader>00925njm 22002777a 4500</leader>
   <datafield ind2=" " ind1=" " tag="042">
      <subfield code="a">dc</subfield>
   </datafield>
   <datafield ind2=" " ind1=" " tag="720">
      <subfield code="a">De Miguel Asensio, Pedro Alberto</subfield>
      <subfield code="e">author</subfield>
   </datafield>
   <datafield ind2=" " ind1=" " tag="260">
      <subfield code="c">2013</subfield>
   </datafield>
   <datafield ind2=" " ind1=" " tag="520">
      <subfield code="a">La evolución de las medidas de tutela de la propiedad intelectual en el entorno digital va unida a la particular relevancia de la interacción entre dicha tutela y ciertos derechos fundamentales de los usuarios de Internet y de los prestadores de servicios de intermediación. De cara a valorar los posibles límites de tales medidas en el actual marco jurídico europeo, resulta de gran importancia la ponderación entre la protección de la propiedad intelectual y los otros derechos fundamentales que pueden verse implicados, en particular el derecho a la protección de datos personales, el derecho a la información y a la libertad de empresa. 

ABSTRACT 

New measures concerning the enforcement of intellectual property rights in the digital context raise concerns with regard to their implications on the protection of some fundamental rights of Internet users and intermediary services providers. In order to assess the potential limits to such measures in the current legal European framework, the need arises to balance the right to the protection of intellectual property with the other fundamental rights involved, including the right to protection of personal data, the freedom to receive or impart information and the fundamental freedom to conduct a business enjoyed by intermediaries</subfield>
   </datafield>
   <datafield ind1="8" ind2=" " tag="024">
      <subfield code="a">978-84-941055-0-0</subfield>
   </datafield>
   <datafield ind1="8" ind2=" " tag="024">
      <subfield code="a">https://hdl.handle.net/20.500.14352/35658</subfield>
   </datafield>
   <datafield ind2="0" ind1="0" tag="245">
      <subfield code="a">Derechos fundamentales y observancia de los derechos de autor en la Unión Europea</subfield>
   </datafield>
</record></metadata></record></GetRecord></OAI-PMH>